Un univers secret : Gisèle Provost (notice n° 1605043)
[ vue normale ]
| 000 -LEADER | |
|---|---|
| fixed length control field | 01811cam a2200193 4500500 |
| 005 - DATE AND TIME OF LATEST TRANSACTION | |
| control field | 20251228094924.0 |
| 041 ## - LANGUAGE CODE | |
| Language code of text/sound track or separate title | fre |
| 042 ## - AUTHENTICATION CODE | |
| Authentication code | dc |
| 100 10 - MAIN ENTRY--PERSONAL NAME | |
| Personal name | Provost, Gisèle |
| Relator term | author |
| 245 00 - TITLE STATEMENT | |
| Title | Un univers secret : Gisèle Provost |
| 260 ## - PUBLICATION, DISTRIBUTION, ETC. | |
| Date of publication, distribution, etc. | 2010.<br/> |
| 500 ## - GENERAL NOTE | |
| General note | 8 |
| 520 ## - SUMMARY, ETC. | |
| Summary, etc. | Arraché à la nuit, le monde pictural de Gisèle Provost, en ses figures énigmatiques et fortes, constitue une riposte au mutisme du réel. Sans concession, ses toiles creusent un chemin douloureusement tracé vers la transparence. L’humain déserté, parcellisé, démultiplié ne renonce pas à trouver un sens dans le tremblé maîtrisé du pinceau et une palette d’une économie franciscaine. |
| 520 ## - SUMMARY, ETC. | |
| Summary, etc. | Gisèle Provost’s pictorial world emerges from darkness with it strong and mysterious figures to counter the silence of the real world. Her canvases unrelentingly trace their painful way toward transparency. Behind her tremulously controlled brushstrokes and ascetically sparse, Franciscan, use of colours, we are made to feel that the painter will not give up her search for meaning, however fragmented, abandoned and scattered human beings may be. |
| 520 ## - SUMMARY, ETC. | |
| Summary, etc. | Arrancado à noite, o universo pictórico de Gisèle Provost, constitui, através das suas poderosas e enigmáticas figuras, uma réplica ao mutismo do real. As suas telas rasgam, sem qualquer concessão, um doloroso caminho para a transparência. Exilada, fragmentada e desmultiplicada, a natureza humana não renuncia contudo a encontrar um sentido nesse trémulo domínio do pincel e numa franciscana economia da cor. |
| 700 10 - ADDED ENTRY--PERSONAL NAME | |
| Personal name | Vieuille, Marie-Françoise |
| Relator term | author |
| 786 0# - DATA SOURCE ENTRY | |
| Note | Sigila | 25 | 1 | 2010-03-01 | p. 103-109 | 1286-1715 |
| 856 41 - ELECTRONIC LOCATION AND ACCESS | |
| Uniform Resource Identifier | <a href="https://shs.cairn.info/revue-sigila-2010-1-page-103?lang=fr&redirect-ssocas=7080">https://shs.cairn.info/revue-sigila-2010-1-page-103?lang=fr&redirect-ssocas=7080</a> |
Pas d'exemplaire disponible.




Réseaux sociaux